000
00343nam a2200145Ia 4500
008
230718s9999 xx 000 0 und d
041
_a
Eng.
082
_a
840.3
_b
NAZ-P
100
_a
Nazion. Muhammad Manzas
245
0
_a
Pellettion Penal Code
260
_a
Pakistan
_b
410 Pablishe213
_c
1999
300
_a
699
650
_a
Law
999
_c
28851
_d
28851